Forms of Writing - Statistics

General Stats
  • This quiz has been taken 54 times
  • The average score is 4 of 16
Answer Stats
Picture Answer % Correct
Latin Script
90%
Egyptian Hieroglyphs
85%
Greek Alphabet
54%
Hebrew Alphabet
44%
Cuneiform
41%
Devanagari
33%
Mongolian Script
26%
Arabic Script
15%
Hiragana
13%
Cyrillic Script
10%
Armenian Alphabet
8%
Javanese Script
8%
Asomtavruli
5%
Hieratic
3%
Cherokee Syllabary
0%
Proto-Sinaitic
0%
No matching quizzes found
Score Distribution
Percent of People with Each Score
Percentile by Number Answered
Your Score History
You have not taken this quiz